| 000 | 00561nam a22001697a 4500 | ||
|---|---|---|---|
| 999 |
_c526579 _d526579 |
||
| 003 | NUST | ||
| 020 | _qPaperback | ||
| 038 | _aM. Shaban | ||
| 082 |
_a891.4911 _bBAR |
||
| 100 |
_aBark Allah, Molana Molvi Hafiz Muhammad Bin Molvi _917590 |
||
| 245 |
_aAhwal al akhrat / _cMolana Molvi Hafiz Muhammad Bin Molvi Bark Allah |
||
| 260 |
_aLahore : _bHameed book Dpot., |
||
| 300 | _a140 p, ; | ||
| 880 |
_6100-01\r _aمولانا مولوی حافظ محمد بن مولوی بارک اللہ |
||
| 880 |
_6245-02\r _aاحوال الآخرت / |
||
| 942 |
_2ddc _cBK |
||